Emmy - Best Supporting Actress (Comedy) Quiz Stats

 Plays Quiz Updated Sep 18, 2018

Score 0/53 Timer 06:00
0 Plays Today
Year Actress % Correct
1975Betty White
77.6%
1976Betty White
77.6%
1984Rhea Perlman
72.7%
1985Rhea Perlman
72.7%
1986Rhea Perlman
72.7%
1989Rhea Perlman
72.7%
1996Julia Louis-Dreyfus
66.7%
1998Lisa Kudrow
66.1%
2015Allison Janney
63.1%
2014Allison Janney
61.9%
1971Valerie Harper
56.9%
1972 (tie)Valerie Harper
56.9%
1973Valerie Harper
56.9%
2001Doris Roberts
56.4%
2002Doris Roberts
56.4%
2003Doris Roberts
56.4%
2005Doris Roberts
56.4%
2010Jane Lynch
54%
2017Kate McKinnon
53.8%
2016Kate McKinnon
53.3%
2011Julie Bowen
53.1%
2012Julie Bowen
53.1%
1988Estelle Getty
50.3%
1972 (tie)Sally Struthers
49.9%
1979Sally Struthers
49.9%
1980Loretta Swit
49%
1982Loretta Swit
49%
Year Actress % Correct
2000Megan Mullally
48.3%
2006Megan Mullally
48.3%
1992Laurie Metcalf
48.2%
1993Laurie Metcalf
48.2%
1994Laurie Metcalf
48.2%
2004Cynthia Nixon
46.5%
1974Cloris Leachman
41%
1990Bebe Neuwirth
37.2%
1991Bebe Neuwirth
37.2%
1997Kristen Johnston
33.8%
1999Kristen Johnston
33.8%
1995Christine Baranski
33.8%
2007Jaime Pressly
30.7%
1983Carol Kane
29.5%
2009Kristin Chenoweth
28.2%
1981Eileen Brennan
27.7%
1987Jackée Harry
26.8%
2018Alex Borstein
26.5%
2013Merritt Wever
22.7%
1978Julie Kavner
22.3%
2008Jean Smart
18.9%
1970Karen Valentine
15.9%
1967Frances Bavier
15.1%
1977Mary Kay Place
11.6%
1968Marion Lorne
8.8%
1966Alice Pearce
8.3%

You're not logged in!

Compare scores with friends on all Sporcle quizzes.
OR
Log In

Show Comments

Extras

Top Quizzes Today


Score Distribution

Your Account Isn't Verified!

In order to create a playlist on Sporcle, you need to verify the email address you used during registration. Go to your Sporcle Settings to finish the process.

Report this User

Report this user for behavior that violates our Community Guidelines.

Details: